<The> Influence of Innovations in the Production Process on Marketing Communication in an Industrial Company

Popis možnosti inovácií pri používaní kompozitných materiálov pri výrobe zbraní. Výhody vysokokvalitných materiálov v technickej oblasti a v oblasti marketingu a predaja.

Salvato in:
Dettagli Bibliografici
Autore principale: Bařinka, Karel
Altri autori: Levit, Adam, Foltan, Drahomír, Rudášová, Zuzana
Natura: Capitolo di libro
Lingua:inglese
Soggetti:
Tags: Aggiungi Tag
Nessun Tag, puoi essere il primo ad aggiungerne!!

MARC

LEADER 00000naa$a2200000$$$4500
001 0252551
005 20240502074043.5
041 0 |a eng 
044 |a SK 
245 1 0 |a <The> Influence of Innovations in the Production Process on Marketing Communication in an Industrial Company  |c Karel Bařinka, Adam Levit, Drahomír Foltan, Zuzana Rudášová 
520 |a Popis možnosti inovácií pri používaní kompozitných materiálov pri výrobe zbraní. Výhody vysokokvalitných materiálov v technickej oblasti a v oblasti marketingu a predaja. 
610 2 0 |a priemysel zbrojársky 
610 2 0 |a marketing 
610 2 0 |a predaj 
610 2 0 |a inovácie technologické 
610 2 0 |a materiály nové 
100 1 |a Bařinka, Karel 
700 1 |a Levit, Adam 
700 1 |a Foltan, Drahomír 
700 1 |a Rudášová, Zuzana